000 00359 a2200145 4500
001 168897
020 _a
040 _cMagnum
100 _aBaremblitt, Gregorio
240 1 0 _aCompendio de analise institucional e outra correntes
_lpor
245 1 0 _aCompendio de analise institucional e outra correntes
362 0 _a1899
697 _aGERAL
942 _cBK
999 _c168897
_d168897